| 000 | 01518nam a22001577a 4500 | ||
|---|---|---|---|
| 041 | _aukr | ||
| 080 | _a09 | ||
| 090 | _bОНУ | ||
| 100 | _aОнук Ю.С. | ||
| 245 | _aФразеологічні одиниці з компонентом "body" | ||
| 260 |
_aОстрог _bКАФ _c2009 |
||
| 300 | _a49 | ||
| 520 |
_aВСТУП
РОЗДІЛ 1 ПРОБЛЕМИ АНГЛІЙСЬКОЇ ФРАЗЕОЛОГІЇ ТА ПІДХОДИ ДО ЇЇ ВИВЧЕННЯ
1.1 Підходи до вивчення фразеологічних одиниць.
1.2 Термінування мовної одиниці, що є першим елементом фразеології.
1.3 Природа фразеологізмів та їх компонентів.
1.4 Семантика фразеологічних одиниць.
РОЗДІЛ 2 КЛАСИФІКАЦІЯ ФРАЗЕОЛОГІЧНИХ ОДИНИЦЬ З КОМПОНЕНТОМ "BODY"
2.1 Семантична класифікація ФО В.В. Виноградова та структурно-семантична класифікація О.В.Куніна.
2.2 Класифікація ФО І.В. Арнольд згідно їх граматичної структури та структурні типи ФО Є.Ф. Арсентьєвої.
2.3 Класифікація ФО за способом перекладу.
2.4 Тематична класифікація ФО.
ВИСНОВКИ _0фразеологія, |
||
| 650 | _aResearch Papers | ||
| 999 |
_c284131 _d284131 |
||
| 942 | _cBK | ||